| 000 | 00868nam a2200289Ia 4500 | ||
|---|---|---|---|
| 008 | 160803s9999 xx 000 0 und d | ||
| 020 | _a978-0439560511 | ||
| 100 | _aHerman, Gail | ||
| 245 | _aColor day relay / | ||
| 245 | _cwritten by Gail Herman ; illustrations by Hope Gangloff. | ||
| 260 | _aNew York : | ||
| 260 | _bScholastic Inc. | ||
| 260 | _c2004 | ||
| 300 | _a83 pages : | ||
| 300 | _billustrations ; | ||
| 300 | _c20 cm. | ||
| 440 | _aThe Magic school bus : a science chapter book ; | ||
| 440 | _v#19 | ||
| 500 | _a"Based on The Magic School Bus books written by Joanna Cole and illustrated by Bruce Degen."--Title page verso. | ||
| 650 | _aColor -- | ||
| 650 | _aLight -- | ||
| 650 | _aSchool field trips -- | ||
| 650 | _xJuvenile fiction. | ||
| 650 | _xJuvenile fiction. | ||
| 650 | _xJuvenile fiction. | ||
| 700 | _a570 | ||
| 999 |
_c298542 _d298542 |
||